Africa : (Record no. 126003)
[ view plain ]
| 000 -CABECERA | |
|---|---|
| campo de control de longitud fija | 00749nam a2200229 u 4500 |
| 005 - FECHA Y HORA DE LA ÚLTIMA TRANSACCIÓN | |
| campo de control | 20220527184725.0 |
| 008 - ELEMENTOS DE LONGITUD FIJA--INFORMACIÓN GENERAL | |
| campo de control de longitud fija | 080123s2007 es r 000 0 spa d |
| 020 ## - NÚMERO INTERNACIONAL NORMALIZADO PARA LIBROS | |
| Número Internacional Estándar del Libro | 844132297X |
| 035 ## - NÚMERO DE CONTROL DEL SISTEMA | |
| Número de control de sistema | UPN01000153882 |
| 049 ## - COLECCIÓN | |
| Colección | C |
| 050 #4 - SIGNATURA TOPOGRÁFICA DE LA BIBLIOTECA DEL CONGRESO | |
| Número de clasificación | DT14 |
| Número de documento/Ítem | A3.7 |
| 245 00 - MENCIÓN DE TÍTULO | |
| Título | Africa : |
| Resto del título | el despertar de un continente / |
| Mención de responsabilidad, etc. | Jocelyn Murray ... [et al.]. |
| 260 ## - PUBLICACIÓN, DISTRIBUCIÓN, ETC. | |
| Lugar de publicación, distribución, etc. | Barcelona, Esp. : |
| Nombre del editor, distribuidor, etc. | Folio, |
| Fecha de publicación, distribución, etc. | 2007. |
| 300 ## - DESCRIPCIÓN FÍSICA | |
| Extensión | 240 p. : |
| Otras características físicas | il. col., mapas |
| 440 #0 - MENCIÓN DE SERIE/ASIENTO SECUNDARIO--TÍTULO | |
| Título | Grandes civilizaciones del pasado |
| 534 ## - NOTA SOBRE LA VERSIÓN ORIGINAL | |
| Frase introductoria | Título original: |
| Mención de título del original | Cultural atlas of Africa |
| 651 #4 - ASIENTO SECUNDARIO DE MATERIA - NOMBRE GEOGRAFICO | |
| Nombre geográfico | AFRICA - |
| Subdivisión general | VIDA SOCIAL Y COSTUMBRES |
| 9 (RLIN) | 2134 |
| 651 #4 - ASIENTO SECUNDARIO DE MATERIA - NOMBRE GEOGRAFICO | |
| Nombre geográfico | AFRICA - |
| Subdivisión general | CIVILIZACION |
| 9 (RLIN) | 2044 |
| 651 #0 - ASIENTO SECUNDARIO DE MATERIA - NOMBRE GEOGRAFICO | |
| Nombre geográfico | África |
| Subdivisión general | Descripción y viajes |
| 9 (RLIN) | 2048 |
| 700 1# - ASIENTO SECUNDARIO--NOMBRE DE PERSONAL | |
| Nombre de persona | Murray, Jocelyn, |
| Término indicativo de función/relación | coaut. |
| 905 ## - TIPO DE MATERIAL | |
| Tipo de material | Libro |
| Estado de retiro | Estado de pérdida | Fuente del sistema de clasificación o colocación | Estado dañado | No para préstamo | Código de colección | Localización permanente | Ubicación/localización actual | Ubicación en estantería | Total de préstamos | Clasificación | Código de barras | Fecha visto por última vez | Número de copia | Tipo de ítem Koha |
|---|---|---|---|---|---|---|---|---|---|---|---|---|---|---|
| Library of Congress Classification | Consulta | Consulta | Bib. Gregorio Torres Quintero | Bib. Gregorio Torres Quintero | Sala de lectura Sótano | DT14 A3.7 | 256474 | 31/12/2020 | 1 | Libro |
